[Event "Pardubice op"]
[Site "Pardubice"]
[Date "1995.??.??"]
[Round "?"]
[White "Voitsekhovsky, Stanislav"]
[Black "Dgebuadze, Alexandre"]
[Result "1-0"]
[WhiteElo "2500"]
[BlackElo "2435"]

1.e4 e6 2.d4 d5 3.Nc3 Bb4 4.e5 Ne7 5.a3 Bxc3+ 6.bxc3 c5 7.Nf3 b6 8.Bb5+ Bd7
9.Bd3 Ba4 10.h4 h6 11.h5 c4 12.Be2 Kd7 13.Nh4 Qg8 14.g3 Qh7 15.Ra2 Nbc6 16.O-O Rag8
17.Ng2 Kc7 18.Bg4 a5 19.Ne3 Kb7 20.Bh3 Ka7 21.Kh2 Rd8 22.Qf3 Rhf8 23.Bd2 f6
24.exf6 Rxf6 25.Qe2 e5 26.dxe5 Nxe5 27.f4 N5c6 28.Qf2 Ka6 29.Rb2 b5 30.Ng4 Rf5
31.Re1 Rxh5 32.Qc5 Qg6 33.Ne5 Nxe5 34.Rxe5 Qg4 35.Rxh5 Qe2+ 36.Kg1 Qxh5 37.Be3 Qd1+
38.Bf1 d4 39.Bxd4 Rxd4 40.cxd4 Qe1 41.c3 Qxg3+ 42.Rg2 Qe3+ 43.Rf2 Bd1 44.Qd6+ Kb7
45.Qd7+  1-0

[Event "Paris op"]
[Site "Paris"]
[Date "1995.??.??"]
[Round "?"]
[White "Honfi, Karoly"]
[Black "Apicella, Manuel"]
[Result "0-1"]
[WhiteElo "2380"]
[BlackElo "2505"]

1.e4 e6 2.d4 d5 3.Nc3 Bb4 4.e5 Ne7 5.Bd2 Nf5 6.Nf3 b6 7.Bb5+ c6 8.Bd3 Ba6
9.Ne2 Bxd3 10.Bxb4 Be4 11.Qd2 Bxf3 12.gxf3 Qh4 13.f4 Nd7 14.Ng3 Qg4 15.Nxf5 Qxf5
16.O-O-O c5 17.Ba3 O-O 18.Rhg1 Rfc8 19.Rg5 Qe4 20.f5 cxd4 21.Rdg1 g6 22.f3 Qe3
23.fxe6 fxe6 24.h4 Rxc2+ 25.Kxc2 Rc8+ 26.Kd1 Qxf3+ 27.Ke1 Qe4+ 28.Kd1 Qf3+
29.Ke1 d3 30.Rxg6+ hxg6 31.Rxg6+ Kf7 32.Rg2 Qxg2  0-1

[Event "Paris op"]
[Site "Paris"]
[Date "1995.??.??"]
[Round "?"]
[White "Fogarasi, Tibor"]
[Black "Apicella, Manuel"]
[Result "1/2-1/2"]
[WhiteElo "2500"]
[BlackElo "2505"]

1.e4 e6 2.d4 d5 3.Nc3 Bb4 4.e5 Ne7 5.Bd2 b6 6.Nce2 Bxd2+ 7.Qxd2 Ba6 8.Nf3 c5
9.c3 Nbc6 10.g3 O-O 11.Bh3 Rc8 12.O-O cxd4 13.cxd4 Na5 14.Rfe1 Nec6 15.b3 Bxe2
16.Qxe2 Qe7 17.Rac1 Qa3 18.Rc2 h6  1/2-1/2

[Event "Passau op"]
[Site "Passau"]
[Date "1995.??.??"]
[Round "?"]
[White "Babula, Milan"]
[Black "Farago, Ivan"]
[Result "0-1"]
[WhiteElo "2285"]
[BlackElo "2515"]

1.e4 e6 2.d4 d5 3.Nc3 Bb4 4.e5 Ne7 5.Bd2 c5 6.Nb5 Bxd2+ 7.Qxd2 O-O 8.c3 a6
9.Na3 Nbc6 10.Nf3 f6 11.exf6 Rxf6 12.Nc2 Qd6 13.Be2 Bd7 14.Ne3 Raf8 15.O-O-O cxd4
16.cxd4 Be8 17.Kb1 Bh5 18.Qc3 Rf4 19.Rd2 Rc8 20.Qc5 Qd8 21.Qa3 Bxf3 22.Bxf3 Rxd4
23.Rhd1 Rxd2 24.Rxd2 Ne5 25.Be2 Qc7 26.Rc2 N5c6 27.Bg4 Qd7 28.Rd2 Rf8 29.Qb3 Rf6
30.g3 Ne5 31.Bd1 Qb5 32.Qxb5 axb5 33.f4 Nc4 34.Rd3 Nc6 35.Nc2 g5 36.b3 Nd6
37.fxg5 Rf1 38.Kb2 Rf2 39.Kc1 Rxh2 40.a4 bxa4 41.bxa4 Rh1 42.Kd2 Nc4+ 43.Kc3 N6e5
44.Bf3 Rh2 45.Bxd5 exd5 46.Rxd5 Rxc2+ 47.Kxc2 Ne3+ 48.Kc3 Nxd5+ 49.Kd4 Nb6  0-1

[Event "World op"]
[Site "Philadelphia"]
[Date "1995.??.??"]
[Round "8"]
[White "Young, Ronald"]
[Black "Savage, Allan G"]
[Result "1/2-1/2"]
[WhiteElo "2260"]
[BlackElo "2295"]

1.e4 e6 2.d4 d5 3.Nc3 Bb4 4.e5 b6 5.Bd2 Qd7 6.Qg4 Bf8 7.Nf3 Nc6 8.a3 Bb7
9.Ne2 Nge7 10.h4 h5 11.Qh3 Nf5 12.g4 hxg4 13.Qxg4 O-O-O 14.O-O-O Kb8 15.Bh3 Ba6
16.Bf1 Rc8 17.Ng3 Bxf1 18.Rdxf1 Nce7 19.Ng5 Nh6 20.Qf3 Nef5 21.Qd3 c5 22.dxc5 Bxc5
23.Nf3 Qa4 24.h5 Be7 25.Bxh6 Nxh6 26.Nd4 Rc4 27.Nge2 Rhc8 28.Kb1 Qd7 29.Rhg1 Bf8
30.f4 Qc7 31.b3 Rc5 32.Rc1 Qd7 33.Rg2 Qb7 34.c3 a6 35.Nf3 b5 36.Kb2 Qe7 37.b4 Rc4
38.Nd2 R4c7 39.Nb3 Qh4 40.a4  1/2-1/2

[Event "Portoroz op"]
[Site "Portoroz"]
[Date "1995.??.??"]
[Round "?"]
[White "Veber, Bojan"]
[Black "Jenssen, Jens"]
[Result "1/2-1/2"]
[WhiteElo "2155"]
[BlackElo "2175"]

1.e4 e6 2.d4 d5 3.Nc3 Bb4 4.e5 Qd7 5.a3 Bxc3+ 6.bxc3 b6 7.a4 Ba6 8.Bxa6 Nxa6
9.Qg4 f5 10.Qh5+ Qf7 11.Qe2 Nb8 12.c4 Ne7 13.Nf3 h6 14.cxd5 Nxd5 15.a5 O-O
16.Ra3 Nc6 17.a6 Rfd8 18.h4 Rac8 19.h5 Nde7 20.Rh4 Qe8 21.Bd2 Qd7 22.Rd3 Qd5
23.g4 fxg4 24.Rxg4 Nf5 25.c3 Na5 26.Nh4 Qh1+ 27.Qf1 Qxf1+ 28.Kxf1 Nxh4 29.Rxh4 Nc4
30.Bf4 c5 31.Rg4 Kh7 32.Rdg3  1/2-1/2

[Event "Portoroz op"]
[Site "Portoroz"]
[Date "1995.??.??"]
[Round "?"]
[White "Kusterle, Francesco"]
[Black "Wagner, Bernd"]
[Result "0-1"]
[WhiteElo "1660"]
[BlackElo "2070"]

1.e4 e6 2.d4 d5 3.Nc3 Bb4 4.e5 Qd7 5.Nf3 b6 6.Bd2 Ba6 7.Bxa6 Nxa6 8.Qe2 Nb8
9.a3 Bxc3 10.Bxc3 Ne7 11.Ng5 h6 12.Qh5 Ng6 13.Nh3 c5 14.O-O Nc6 15.Rad1 Rc8
16.dxc5 bxc5 17.f4 Nge7 18.Rde1 Nf5 19.Qd1 h5 20.Ng5 d4 21.Bd2 Nce7 22.Rf3 Nd5
23.Rh3 g6 24.c4 Nde3 25.Bxe3 Nxe3 26.Qd3 Rb8 27.Ne4 Qc6 28.Re2 Ke7 29.b4 Rhd8
30.b5 Qc7 31.Rg3 Qb6 32.a4 a6 33.Nd6 axb5 34.axb5 Qa5 35.Rgxe3 dxe3 36.Qxe3 Qb4
37.f5 gxf5 38.Qg5+ Kf8 39.Qxh5 Rxd6 40.exd6 Kg7 41.Qg5+ Kh7 42.d7 Qxc4 43.Rd2 Qc1+
44.Kf2 Rd8 45.b6 f6 46.Qh5+ Kg7 47.Qd1 Qc4 48.b7 Qb4 49.Rd3 Qxb7 50.Rg3+ Kf8
51.Qd6+ Kf7 52.Qd1 Qb2+ 53.Kf1 Qb5+ 54.Kg1 Rxd7 55.Qh5+ Ke7 56.Rg7+ Kd6 57.Rg8 Qb1+
58.Kf2 Qc2+ 59.Kg3 Qd3+ 60.Kf2 Ke5 61.Qe2+ Qxe2+ 62.Kxe2 Rc7 63.Kd3 c4+ 64.Kc3 f4
65.g4 f3 66.Rd8 f2 67.Rd1 Kf4 68.Rf1 Kf3 69.Kd2 c3+ 70.Kd1 c2+ 71.Kc1 Ke2  0-1

[Event "Riga op"]
[Site "Riga"]
[Date "1995.??.??"]
[Round "?"]
[White "Krakops, Maris"]
[Black "Repkova Eid, Eva"]
[Result "1-0"]
[WhiteElo "2475"]
[BlackElo "2250"]

1.e4 e6 2.d4 d5 3.Nc3 Bb4 4.e5 b6 5.a3 Bf8 6.Nf3 Ne7 7.h4 Qd7 8.h5 h6 9.Bb5 c6
10.Ba4 Ba6 11.Ne2 Bb5 12.Bxb5 cxb5 13.Qd3 Nbc6 14.Bd2 Na5 15.Bb4 Nec6 16.Bxf8 Rxf8
17.Rh4 b4 18.Rg4 bxa3 19.Qxa3 Rg8 20.b3 Qe7 21.Nc3 Rc8 22.Qxe7+ Kxe7 23.Kd2 a6
24.Ne1 f5 25.exf6+ gxf6 26.Rxg8 Rxg8 27.Ne2 Rg5 28.f4 Rg4 29.g3 e5 30.dxe5 fxe5
31.Ng2 d4 32.fxe5 Nxe5 33.Ngf4 Nf3+ 34.Kd3 Nc6 35.c3 dxc3 36.Kxc3 a5 37.Nd5+ Kd6
38.Nxb6 Rg5 39.Nc4+ Kc7 40.Rh1 Nb4 41.Rf1 Nd5+ 42.Kd3 Ne5+ 43.Nxe5 Rxe5 44.g4 Kd6
45.Nd4 Re3+ 46.Kd2 Ke5 47.Rf5+ Ke4 48.Rxd5 Rd3+ 49.Kc2 Rg3 50.Rd6 Rxg4 51.Nc6 Rg5
52.Rxh6 Rc5+ 53.Kb2 Kf5 54.Rg6 Rb5 55.Nd4+  1-0

[Event "Rishon Le Ziyyon YM-IM"]
[Site "Rishon Le Ziyyon"]
[Date "1995.??.??"]
[Round "7"]
[White "Stisis, Yaacov"]
[Black "Krays, Alexander"]
[Result "0-1"]
[WhiteElo "2405"]
[BlackElo "2385"]

1.e4 e6 2.d4 d5 3.Nc3 Bb4 4.e5 Qd7 5.Qg4 f5 6.Qg3 b6 7.Bd2 Ba6 8.Bxa6 Nxa6
9.Nge2 Bxc3 10.Bxc3 Qf7 11.a4 Ne7 12.Qd3 Nb8 13.a5 Nbc6 14.axb6 cxb6 15.b4 a5
16.Qd2 O-O 17.bxa5 bxa5 18.g3 Rfb8 19.O-O Ng6 20.Ra4 Rb5 21.f4 Nf8 22.Rfa1 Ra6
23.Nc1 Qa7 24.Nb3 Nd7 25.Nxa5 Nxa5 26.Rxa5 Rbxa5 27.Rxa5 Nb6 28.Rxa6 Qxa6
29.Bb4 Qa1+ 30.Kg2 Nc4 31.Qf2 Qc1 32.Kf3 h6 33.Be1 g5 34.h3 Kf7 35.fxg5 hxg5
36.g4 Qf4+ 37.Ke2 Qe4+ 38.Kd1 Ne3+ 39.Kc1 Qxd4 40.gxf5 exf5 41.Qf3 Ke6 42.Qh5 Qa1+
43.Kd2 Nc4+ 44.Kd3 Nxe5+ 45.Ke2 Nf7 46.Qg6+ Qf6 47.Qg8 Qe5+ 48.Kd1 Kf6 49.h4 Qd4+
50.Kc1 Qe3+ 51.Bd2 Qa3+ 52.Kb1 gxh4 53.Be1 Qh3 54.Qh7 Qh1 55.Qxh4+ Qxh4 56.Bxh4+ Ke5
57.Kc1 Ke4 58.Kd2 Ne5 59.Bf2 Ng4 60.Bg1 f4 61.c3 Ne5 62.Ba7 Nc4+ 63.Ke2 Ne3
64.Kd2 Nc4+ 65.Ke2 f3+ 66.Kf2 Ne5 67.Bd4 Ng4+ 68.Kg3 f2 69.Kg2 Kd3 70.Kf1 Kd2  0-1

[Event "Santiago op"]
[Site "Santiago"]
[Date "1995.??.??"]
[Round "?"]
[White "Paramos Dominguez, Roberto"]
[Black "Patino, Robert"]
[Result "0-1"]
[WhiteElo "2375"]
[BlackElo "2220"]

1.e4 e6 2.d4 d5 3.Nc3 Bb4 4.e5 Ne7 5.a3 Bxc3+ 6.bxc3 c5 7.Qg4 Kf8 8.h4 Qa5
9.Bd2 Qa4 10.Kd1 b6 11.h5 h6 12.Qf4 Ba6 13.Bxa6 Qxa6 14.Nf3 Nbc6 15.g4 Rc8
16.Rg1 cxd4 17.cxd4 Qc4 18.Rc1 Ke8 19.Ke1 Qa4 20.Qe3 Na5 21.Qd3 Qc4 22.Ke2 Qxd3+
23.cxd3 Rxc1 24.Rxc1 Nac6 25.Ke3 Kd7 26.Nh4 b5 27.f4 g6 28.Rc5 gxh5 29.gxh5 Rg8
30.f5 Rg4 31.f6 Rxh4 32.fxe7 Nxe7 33.Ba5 Nf5+ 34.Kf2 Nxd4 35.Rc7+ Ke8 36.Bb4 Rxh5
37.Bd6 Rh2+ 38.Kf1 Nf5 39.Rc8+ Kd7 40.Rc7+ Kd8 41.Rxf7 Nxd6 42.exd6 a5 43.Rb7 b4
44.axb4 axb4 45.Rxb4 Kd7 46.Rb6 h5 47.Ra6 h4 48.d4 Rd2 49.Ra4 h3 50.Kg1 Kxd6
51.Rb4 Ke7 52.Ra4 Kf6 53.Rb4 Kf5 54.Ra4 Rg2+ 55.Kh1 Rg4 56.Kh2 e5 57.Kxh3 Rxd4
58.Ra3 Rg4 59.Ra8 Rg7  0-1

[Event "Santiago op"]
[Site "Santiago"]
[Date "1995.??.??"]
[Round "?"]
[White "Suarez, Diego"]
[Black "Patino, Robert"]
[Result "1/2-1/2"]
[WhiteElo "2265"]
[BlackElo "2220"]

1.e4 e6 2.d4 d5 3.Nc3 Bb4 4.e5 Ne7 5.a3 Bxc3+ 6.bxc3 c5 7.Qg4 Kf8 8.h4 Qa5
9.Bd2 Qa4 10.Rh3 Nbc6 11.h5 h6 12.Qf4 b6 13.Rf3 Nd8 14.g4 Ba6 15.Bxa6 Qxa6
16.Ne2 Rc8 17.g5 hxg5 18.Qg4 Nf5 19.Bxg5 Nc6 20.Ng3 cxd4 21.Nxf5 Nxe5 22.Be7+ Ke8
23.Qf4 Nxf3+ 24.Qxf3 Rxc3 25.Qg2 exf5 26.Qxg7 Rxc2 27.Qxh8+ Kxe7 28.Qe5+ Kf8
29.Qh8+ Ke7 30.Qe5+ Kf8 31.Qh8+ Ke7 32.Qe5+ Kf8 33.Qh8+  1/2-1/2

[Event "Scotland WE op"]
[Site "SCO"]
[Date "1995.??.??"]
[Round "3"]
[White "Kennaugh, Charles"]
[Black "Grant, Alan"]
[Result "1-0"]
[WhiteElo "2310"]
[BlackElo "2140"]

1.e4 e6 2.d4 d5 3.Nc3 Bb4 4.e5 Ne7 5.Bd2 Nbc6 6.Nf3 Nf5 7.Ne2 Be7 8.c3 O-O
9.Ng3 f6 10.exf6 Bxf6 11.Bd3 h6 12.Qc2 Nh4 13.Nxh4 Bxh4 14.O-O-O Rxf2 15.Rdf1 Rxf1+
16.Rxf1 Bg5 17.Nh5 e5 18.Bh7+ Kh8 19.Qg6 Bxd2+ 20.Kc2 Qe7 21.Rf7 Bf5+ 22.Qxf5 Qg5
23.Rxg7 Qxf5+ 24.Bxf5 Rf8 25.g4 Bg5 26.Rh7+ Kg8 27.Rxc7 exd4 28.Rxb7 dxc3
29.bxc3 Ne7 30.Be6+ Kh8 31.Rxa7 Rf2+ 32.Kb3 Rxh2 33.a4 Rh3 34.Rd7 Rd3 35.a5 d4
36.Rd8+ Kh7 37.Rxd4 Rxd4 38.cxd4 Nc6 39.Bf5+ Kg8 40.a6 Nxd4+ 41.Kc4 Nc6 42.Kb5 Na7+
43.Kb6 Be3+ 44.Kb7 Kf7 45.Ng3 Kf6 46.Bd7 Kg5 47.Ne4+ Kf4 48.Nd6  1-0

[Event "Asia-chT"]
[Site "Singapore"]
[Date "1995.??.??"]
[Round "5"]
[White "Antonio, Rogelio Jr"]
[Black "Sharavdorj, Dashzeveg"]
[Result "1-0"]
[WhiteElo "2525"]
[BlackElo "2375"]

1.e4 e6 2.d4 d5 3.Nc3 Bb4 4.e5 Ne7 5.a3 Bxc3+ 6.bxc3 c5 7.h4 Qc7 8.Nf3 b6
9.h5 h6 10.Bb5+ Bd7 11.Bd3 Ba4 12.O-O c4 13.Be2 Na6 14.Bf4 Kd7 15.Nh2 Qd8
16.Ng4 Qg8 17.Ne3 Qh7 18.Bg4 Nc7 19.Bh3 Kc8 20.Bg3 g6 21.Qb1 Nc6 22.Ra2 gxh5
23.Rb2 Kb7 24.Bh4 Rhg8 25.g3 Raf8 26.Bg2 f5 27.f4 Kc8 28.Bf3 Nd8 29.Rb4 Qd7
30.Qa2 Nf7 31.Rfb1 Ng5 32.Bg2 Rg6 33.Qb2 Rfg8 34.Kh2 Kd8 35.Qc1 Kc8 36.Qd1 Nb5
37.Nxc4 Nxc3 38.Qd3 Nxb1 39.Rxb6 dxc4 40.Qxc4+ Qc7 41.Qa6+ Kd8 42.Rb7 Qc8
43.Qa5+ Ke8  1-0

[Event "Asia-chT"]
[Site "Singapore"]
[Date "1995.??.??"]
[Round "9"]
[White "Nishimura, Hiroyuki"]
[Black "Sharavdorj, Dashzeveg"]
[Result "0-1"]
[WhiteElo "2285"]
[BlackElo "2375"]

1.e4 e6 2.d4 d5 3.Nc3 Bb4 4.e5 Ne7 5.a3 Bxc3+ 6.bxc3 c5 7.a4 Nbc6 8.Nf3 Qa5
9.Bd2 Bd7 10.Bb5 f6 11.Qe2 Qc7 12.O-O fxe5 13.Bxc6 Nxc6 14.Nxe5 O-O 15.Nxc6 Qxc6
16.dxc5 Qxc5 17.Rfb1 b6 18.Qe3 Qc7 19.Re1 Rf5 20.Qd4 Rc8 21.g3 h5 22.Qb4 Rcf8
23.Be3 Bc6 24.a5 b5 25.Qd4 e5 26.Qxa7 Qc8 27.Qc5 d4 28.cxd4 exd4 29.Qxd4 Ba8
30.f3 Rxf3 31.c4 Qh3 32.Qb2 Rxg3+  0-1

[Event "SLO-chT"]
[Site "?"]
[Date "1995.??.??"]
[Round "5"]
[White "Roskar, Robert"]
[Black "Praznik, Niko"]
[Result "1-0"]
[WhiteElo "2200"]
[BlackElo "2130"]

1.e4 e6 2.d4 d5 3.Nc3 Bb4 4.e5 Ne7 5.a3 Bxc3+ 6.bxc3 c5 7.Nf3 Nbc6 8.Be2 Bd7
9.O-O Qa5 10.Bd2 c4 11.Re1 f6 12.exf6 gxf6 13.Nh4 O-O-O 14.f4 Ng6 15.Nf3 Nge7
16.Bf1 Nf5 17.Re2 Nd6 18.Qe1 Ne4 19.g3 Ne7 20.Nh4 Ng6 21.Nf3 Ne7 22.Nh4 Ng6
23.Nxg6 hxg6 24.Bg2 Bc6 25.Re3 Qa4 26.Qd1 f5 27.Be1 Rh7 28.Qc1 Rdh8 29.h4 Rc7
30.Bf3 Bd7 31.Qb2 Rc6 32.Qb4 Qxb4 33.cxb4 Nf6 34.a4 Kb8 35.Re5 Rcc8 36.Kf2 Rcd8
37.b5 Kc7 38.Bb4 Rh7 39.Rae1 Re8 40.Rb1 Bc8 41.Re3 Bd7 42.Bd2 Bc8 43.Ra3 Rd8
44.Ba5+ b6 45.Be1 Bb7 46.Rb4 Rhh8 47.Rb1 Ra8 48.Bb4 Kd7 49.Ke2 Rad8 50.Rg1 Ra8
51.Be1 Ng4 52.Bxg4 fxg4 53.Bb4 a5 54.Bd2 Raf8 55.Re3 Rf5 56.Re1 Re8 57.Kf2 Bc8
58.Re5 Bb7 59.Bc1 Ba8 60.Ba3 Bb7 61.Kg2 Bc8 62.Kf2 Kc7 63.Ke3 Rh8 64.Kd2 Rhh5
65.Be7 Rh7 66.Bg5 Rh8 67.Rh1 Rh5 68.Rh2 Bd7 69.Rhe2 Rh8 70.Rxe6 Bxe6 71.Rxe6 Rg8
72.Bf6 Kb7 73.Rd6 c3+ 74.Kxc3 Rc8+ 75.Kb3 Rc4 76.c3 Rc8 77.Be5 Rg8 78.Rd7+ Ka8
79.Rxd5 Rh5 80.Rd6 Kb7 81.Bf6 Rf5 82.c4 Rh5 83.d5 Rh7 84.Bd4 Re7 85.Rxb6+ Ka8
86.Ra6+ Kb8 87.Be5+  1-0

[Event "Sollentuna op"]
[Site "Sollentuna"]
[Date "1995.??.??"]
[Round "7"]
[White "Wallace, John Paul"]
[Black "Andreasson, Ingvar"]
[Result "1/2-1/2"]
[WhiteElo "2345"]
[BlackElo "2380"]

1.e4 e6 2.d4 d5 3.Nc3 Bb4 4.e5 Qd7 5.Bd2 b6 6.Bb5 c6 7.Ba4 a5 8.a3 Bf8 9.f4 Ba6
10.Nce2 Bb5 11.Bb3 a4 12.Ba2 c5 13.Nf3 Nc6 14.c3 Na5 15.Be3 Bc4 16.Nd2 Bxa2
17.Rxa2 Ne7 18.g4 Qb5 19.O-O Nc4 20.Nxc4 Qxc4 21.Ra1 g6 22.Ng3 Nc6 23.f5 Be7
24.Rc1 O-O-O 25.Kh1 Kb7 26.f6 Bf8 27.h4 Rc8 28.Rf4 Qb3 29.Rf2 Qxd1+ 30.Rxd1 Na5
31.h5 cxd4 32.cxd4 b5 33.Kg2 b4 34.axb4 Bxb4 35.Rh1 Ka6 36.Nf1 Rhd8 37.Nh2 gxh5
38.gxh5 Rd7 39.Nf3 Nb3 40.Bh6 Rc4 41.Rh4 Rb7 42.Bg7 Nc1 43.h6 Nd3 44.Re2 Nc1
45.Rf2 Nd3 46.Re2 Nc1 47.Rf2  1/2-1/2

[Event "SWZ-chT"]
[Site "SWZ"]
[Date "1995.??.??"]
[Round "4"]
[White "Borner, Daniel"]
[Black "Fioramonti, Hung"]
[Result "1/2-1/2"]
[WhiteElo "2290"]
[BlackElo "2370"]

1.e4 e6 2.d4 d5 3.Nc3 Bb4 4.e5 Qd7 5.Qg4 f5 6.Qg3 b6 7.Nh3 Nc6 8.Bb5 Bb7
9.a3 Bf8 10.Be3 O-O-O 11.O-O-O Kb8 12.Nf4 Qc8 13.h4 Nh6 14.f3 Ne7 15.Qf2 Nf7
16.Kb1 g6 17.Nce2 Bh6 18.Rc1 c6 19.Bd3 Bxf4 20.Nxf4 Rhg8 21.c4 Ba6 22.c5 Bxd3+
23.Nxd3 Rd7 24.Nf4 Rb7 25.Rc3 Qd7 26.Bc1 b5 27.Rd3 a5 28.b3 Ra7 29.Qe2 a4
30.b4 Kc7 31.Rdd1 Raa8 32.Rh2 Raf8 33.Rdh1 Qc8 34.Kc2 Rh8 35.Bd2 Rfg8 36.Kc3 h6
37.Kd3 Kd7 38.Qe1 Qe8 39.Kc3 Nd8 40.Qe2 Qf7 41.Be1 Rh7  1/2-1/2

[Event "SWZ-ch"]
[Site "SWZ"]
[Date "1995.??.??"]
[Round "6"]
[White "Gallagher, Joseph G"]
[Black "Huss, Andreas"]
[Result "1/2-1/2"]
[WhiteElo "2515"]
[BlackElo "2405"]

1.e4 e6 2.d4 d5 3.Nc3 Bb4 4.e5 Qd7 5.Bd2 Bxc3 6.Bxc3 b6 7.Qg4 f5 8.Qg3 Ba6
9.Bxa6 Nxa6 10.Ne2 c5 11.O-O Qf7 12.Bd2 Rc8 13.Qa3 Qb7 14.Nf4 Rc6 15.dxc5 bxc5
16.c4 Ne7 17.Qf3 Nc7 18.b3 O-O 19.Ba5 dxc4 20.bxc4 Qa6 21.Qc3 Na8 22.Rab1 Nb6
23.Rb5 Rd8 24.Qg3 Qc8 25.Qg5 Kf7 26.Rb3 Rd4 27.Rg3 Qf8 28.Bxb6 Rxb6  1/2-1/2

[Event "SWZ-chT"]
[Site "SWZ"]
[Date "1995.??.??"]
[Round "6"]
[White "Borner, Daniel"]
[Black "Uhlmann, Felix"]
[Result "1/2-1/2"]
[WhiteElo "2290"]
[BlackElo "2175"]

1.e4 e6 2.d4 d5 3.Nc3 Bb4 4.e5 Qd7 5.Qg4 f5 6.Qg3 b6 7.Nh3 Ba6 8.Bxa6 Nxa6
9.Qd3 Nb8 10.a3 Bf8 11.Nf4 c5 12.Be3 Nc6 13.O-O-O c4 14.Qe2 O-O-O 15.h4 a6
16.Qf3 b5 17.Nh3 Be7 18.Bg5 Kb7 19.Ne2 h6 20.Bxe7 Ngxe7 21.h5 a5 22.Nhf4 Nc8
23.Rh3 Rhg8 24.Rg3 N6e7 25.Kd2 Nb6 26.c3 Na4 27.Rb1 Ka6 28.Ng6 Nc6 29.Ngf4 Ne7
30.Ng6 Nc6 31.b3 Nb6 32.b4 Nc8 33.Nef4 axb4 34.axb4 Nb6 35.Qd1 Kb7 36.Ne2 Ra8
37.Ra1 Rxa1 38.Qxa1 Ra8 39.Qb1 Qf7 40.Ngf4 Ne7 41.Ng6 Nc6 42.Ngf4 Ne7 43.Ng6 Nc6
44.Nef4 Kc8 45.Ke3 Ra3 46.Ne2  1/2-1/2

[Event "Tivat op"]
[Site "Tivat"]
[Date "1995.??.??"]
[Round "1"]
[White "Vratonjic, Slobodan"]
[Black "Todorovic, Violeta"]
[Result "1-0"]
[WhiteElo "2430"]
[BlackElo "2120"]

1.e4 e6 2.d4 d5 3.Nc3 Bb4 4.e5 Qd7 5.a3 Bxc3+ 6.bxc3 b6 7.Nh3 Ba6 8.Bd3 Bxd3
9.cxd3 Ne7 10.a4 Na6 11.a5 O-O 12.O-O c5 13.dxc5 Nxc5 14.Ba3 Rfc8 15.Bxc5 bxc5
16.Qh5 Ng6 17.f4 d4 18.c4 Rab8 19.Ng5 h6 20.Ne4 Qe7 21.f5 exf5 22.Rxf5 Nh4
23.Nf6+ gxf6 24.Qxh4 Kh7 25.Raf1 Rc7 26.Rh5  1-0

[Event "FRA-chB"]
[Site "Toulouse"]
[Date "1995.??.??"]
[Round "8"]
[White "Chomet, Pascal"]
[Black "Vaisman, Volodia"]
[Result "1/2-1/2"]
[WhiteElo "2390"]
[BlackElo "2390"]

1.e4 e6 2.d4 d5 3.Nc3 Bb4 4.e5 Qd7 5.Bd2 Bf8 6.h4 Ne7 7.h5 h6 8.g4 b6 9.f4 Bb7
10.Nf3 Nbc6 11.Ne2 O-O-O 12.Ng3 Kb8 13.a4 a5 14.c3 Nc8 15.Bd3 Be7 16.O-O f6
17.Qe2 fxe5 18.fxe5 Rdf8 19.Qe1 Qd8 20.Ne2 N8a7 21.Nf4 Rf7 22.Nxe6 Qg8 23.Nf4 Bc8
24.Qg3 Qd8 25.Ng6 Re8 26.Nfh4 Bxh4 27.Nxh4 Rxf1+ 28.Rxf1 Be6 29.Ng6 Qc8 30.Be2 Nd8
31.Be3 Qd7 32.b3 Nac6 33.Kg2 Bf7 34.Bd3 Ne6 35.Kh3 Ncd8 36.Bb5 c6 37.Bd3 Rg8
38.Qh4 Kc7 39.Bf5 Bxg6 40.Bxg6 Rf8 41.Rf5 b5 42.Qf2 Qe7 43.axb5 cxb5 44.Qa2 Nc6
45.c4 bxc4 46.bxc4 Rxf5 47.Bxf5 Ng5+ 48.Kg3 dxc4 49.d5 Nxe5 50.Qxa5+ Kb8
51.Qb6+ Ka8 52.Qa6+ Kb8 53.Qc8+  1/2-1/2

[Event "FRA-ch"]
[Site "Toulouse"]
[Date "1995.??.??"]
[Round "9"]
[White "Santo Roman, Marc"]
[Black "Seret, Jean Luc"]
[Result "1-0"]
[WhiteElo "2485"]
[BlackElo "2405"]

1.e4 e6 2.d4 d5 3.Nc3 Bb4 4.e5 b6 5.a3 Bxc3+ 6.bxc3 Qd7 7.Bd3 Ba6 8.Qg4 f5
9.exf6 Nxf6 10.Qh3 Bxd3 11.cxd3 Nc6 12.f4 O-O-O 13.Nf3 Kb7 14.O-O h6 15.Ra2 g5
16.Ne5 Qe8 17.Re2 Nxe5 18.Rxe5 Qc6 19.Bd2 Rde8 20.Rfe1 g4 21.Qh4 Nd7 22.R5e3 Qa4
23.Qxg4 Rhg8 24.Qd1 Qxd1 25.Rxd1 c5 26.Rde1 cxd4 27.cxd4 Rc8 28.Rxe6 Rc2
29.R1e2 Nb8 30.Bb4 Rc1+ 31.Re1 Rc2 32.R6e2 Rc6 33.Re8 Rxe8 34.Rxe8 a5 35.Be1 Rc1
36.Kf2 Nc6 37.f5 Nxd4 38.f6 Rc6 39.Re7+ Ka6 40.f7 Rf6+ 41.Kg1 Nf5 42.Rd7 Kb5
43.g4 Kc6 44.Rd8 Rxf7 45.gxf5 Rxf5 46.Kg2  1-0

[Event "Trelew Clarin-GP"]
[Site "Trelew"]
[Date "1995.??.??"]
[Round "5"]
[White "Gomez Baillo, Jorge H"]
[Black "Giaccio, Alfredo"]
[Result "1/2-1/2"]
[WhiteElo "2420"]
[BlackElo "2410"]

1.e4 e6 2.d4 d5 3.Nc3 Bb4 4.e5 Ne7 5.Nf3 c5 6.dxc5 Nbc6 7.Bd3 d4 8.a3 Ba5
9.b4 Nxb4 10.axb4 Bxb4 11.O-O Bxc3 12.Rb1 h6 13.Nd2 Bxd2 14.Bxd2 Bd7 15.Rxb7 Bc6
16.Rb4 a5 17.Rb6 Qd5 18.Qg4 Qxe5 19.Rfb1 O-O 20.Bf4 Qf6 21.Qg3 Rfc8 22.Be5 Qg5
23.Qxg5 hxg5 24.Ba6 Re8 25.f3 Ba4 26.Bd3 Nc6 27.Bd6 Nb4 28.R1xb4 axb4 29.c6 Bxc2
30.Bxc2 Ra1+ 31.Kf2 Ra2 32.Ke2 Rxc2+ 33.Kd3 b3 34.c7 f6 35.Rxb3 Rc6 36.Rb8 Kf7
37.Rd8 e5 38.Rd7+  1/2-1/2

[Event "Trelew Clarin-GP"]
[Site "Trelew"]
[Date "1995.??.??"]
[Round "7"]
[White "Ricardi, Pablo"]
[Black "Giaccio, Alfredo"]
[Result "1-0"]
[WhiteElo "2545"]
[BlackElo "2410"]

1.e4 e6 2.d4 d5 3.Nc3 Bb4 4.e5 Ne7 5.a3 Bxc3+ 6.bxc3 c5 7.Qg4 O-O 8.Bd3 f5
9.Qh4 cxd4 10.cxd4 Nec6 11.Bg5 Qa5+ 12.Bd2 Qd8 13.Qxd8 Rxd8 14.Ne2 b6 15.a4 Ba6
16.Bb5 Bxb5 17.axb5 Ne7 18.h3 a5 19.Bg5 Kf7 20.g4 Nd7 21.Kd2 Nf8 22.Ng3 g6
23.f3 Rd7 24.h4 Rc7 25.c3 Rac8 26.Ra3 Ng8 27.h5 h6 28.hxg6+ Kxg6 29.Be3 fxg4
30.fxg4 Nh7 31.Ne2 Ng5 32.Nf4+ Kf7 33.Kd3 Ne4 34.Ne2 Kg7 35.Rf1 Rf7 36.Rxf7+ Kxf7
37.Ra1 Ke7 38.Rf1 Rc4 39.Bf2 Ke8 40.Be1 Rc7 41.Nf4 Ng5 42.Rh1 Rf7 43.Ke3 Kd7
44.Bh4 Ne7 45.Bxg5 hxg5 46.Nxe6 a4 47.Nxg5 Rg7 48.Nh7 Ng8 49.Kf4 a3 50.Nf6+ Ke6
51.Nxg8 Rxg8 52.Rh6+ Kf7 53.Rh7+ Rg7 54.Rh8 Rg8 55.e6+ Kg7 56.Rh2 Kf6 57.Ra2 Ra8
58.e7 Kxe7 59.Ke5 Ra5 60.g5 Kf7 61.Kd6 Rxb5 62.Rxa3 Kg6 63.Kc6 Rb1 64.Kxd5 Kxg5
65.c4 Kf6 66.Re3  1-0

[Event "SVK-ch"]
[Site "Trencin"]
[Date "1995.??.??"]
[Round "2"]
[White "Priehoda, Vitezslav"]
[Black "Komora, Andrej"]
[Result "1/2-1/2"]
[WhiteElo "2365"]
[BlackElo "2110"]

1.e4 e6 2.d4 d5 3.Nc3 Bb4 4.e5 Ne7 5.a3 Bxc3+ 6.bxc3 c5 7.Nf3 b6 8.Bb5+ Bd7
9.Bd3 Ba4 10.h4 c4 11.Bf1 Nbc6 12.h5 h6 13.g3 Qd7 14.Bg2 O-O-O 15.Bf4 Qe8
16.Nh2 Qg8 17.Ng4 Qh7 18.Rc1 Nf5 19.O-O Rhf8 20.Re1 Kb7 21.Nh2 Nfe7 22.Nf1 a6
23.g4 g6 24.Ng3 g5 25.Bd2 f5 26.exf6 Rxf6 27.Re3 Rdf8 28.Be1 Nc8 29.Qe2 Qf7
30.Nf1 Nd6 31.Nd2 Ka7 32.Nf3 Nc8 33.Rb1 a5 34.Rb2 Qe7 35.Ra2 Qf7 36.Rb2 Qe7
37.Ra2 Qf7 38.Nd2 Nd6 39.Nf3 Nc8  1/2-1/2

[Event "SVK-ch"]
[Site "Trencin"]
[Date "1995.??.??"]
[Round "2"]
[White "Bisco, Igor"]
[Black "Gavrilov, Alexei"]
[Result "0-1"]
[WhiteElo "2175"]
[BlackElo "2405"]

1.e4 e6 2.d4 d5 3.Nc3 Bb4 4.e5 b6 5.a3 Bf8 6.Nf3 Ba6 7.Bxa6 Nxa6 8.O-O Qd7
9.Qd3 Nb8 10.Ne2 Ne7 11.Be3 Nbc6 12.Nf4 O-O-O 13.b4 Nf5 14.c3 f6 15.a4 fxe5
16.Qa6+ Kb8 17.Nd3 Qc8 18.Qb5 a6 19.Qxc6 Ne7 20.Nfxe5 Nxc6 21.Nxc6+ Kb7 22.b5 a5
23.Nxd8+ Qxd8 24.Ne5 Qe8 25.Rfc1 Bd6 26.Nc6 Qh5 27.g3 Qf3 28.Bg5 h5 29.Ne5 Bxe5
30.dxe5 Rf8 31.Ra2 Rf5 32.Bd8 h4  0-1

[Event "Vienna op"]
[Site "Vienna"]
[Date "1995.??.??"]
[Round "5"]
[White "Szalanczy, Emil"]
[Black "Bukal, Vladimir"]
[Result "1/2-1/2"]
[WhiteElo "2420"]
[BlackElo "2315"]

1.e4 e6 2.d4 d5 3.Nc3 Bb4 4.e5 Ne7 5.a3 Bxc3+ 6.bxc3 c5 7.Qg4 Kf8 8.Qd1 b6
9.Nh3 Qc7 10.Bd2 Ng6 11.Bd3 Ba6 12.O-O Bxd3 13.cxd3 h6 14.f4 Ne7 15.f5 exf5
16.g4 g6 17.gxf5 Nxf5 18.Nf4 Nc6 19.Nxd5 Qd8 20.Ne3 Nce7 21.Qf3 cxd4 22.cxd4 Qe8
23.Bb4 Nxe3 24.Qxe3 Kg7 25.Bxe7 Qxe7 26.Rf6 Rhf8 27.Raf1 Qxa3 28.e6 fxe6
29.Qe5 Rxf6 30.Rxf6 Qa5 31.Qxa5 bxa5 32.Rxe6 Rd8  1/2-1/2

[Event "LTU-ch"]
[Site "Vilnius"]
[Date "1995.??.??"]
[Round "5"]
[White "Skrebnevskis, Romanas"]
[Black "Kryzius, Kestutis"]
[Result "0-1"]
[WhiteElo "2160"]
[BlackElo "2225"]

1.e4 e6 2.d4 d5 3.Nc3 Bb4 4.e5 b6 5.Qg4 Bf8 6.Bb5+ c6 7.Be2 Ba6 8.Nf3 Bxe2
9.Nxe2 Na6 10.O-O Qd7 11.Rd1 Nc7 12.Nf4 Nh6 13.Qh3 O-O-O 14.b3 Nf5 15.c4 h5
16.Nh4 Nxh4 17.Qxh4 Be7 18.Qh3 h4 19.Qg4 Rdg8 20.Nh3 Qe8 21.f4 f6 22.Be3 Qh5
23.Qxh5 Rxh5 24.Rac1 Kb7 25.Rf1 Rd8 26.Nf2 Na6 27.Nd3 dxc4 28.Rxc4 c5 29.a4 f5
30.Rfc1 Rhh8 31.Ne1 cxd4 32.Bxd4 Rxd4 33.Rxd4 Bc5 34.Nf3 Bxd4+ 35.Nxd4 Nc5
36.Kf1 Nd3 37.Rc4 Nxf4 38.Nb5 Nd5 39.Kf2 g5 40.Nd6+ Kb8 41.Nf7 Rg8 42.Rc6 Nc7
43.b4 g4 44.Rd6 Kc8 45.g3 h3 46.b5 Rf8 47.Ng5 Rd8 48.Rc6 Rd2+ 49.Ke3 Rd5
50.Kf4 Rc5 51.Rxc5 bxc5  0-1